[Event "Aeroflot Open 2012 B"]
[Site "Moscow"]
[Date "2012.02.11"]
[Round "5"]
[White "Romanko, Marina"]
[Black "Xu, Huahua"]
[Result "1-0"]
[WhiteElo "2389"]
[BlackElo "2134"]
[PlyCount "97"]
[EventDate "2012.02.07"]
[EventType "swiss"]

1. d4 Nf6 2. c4 g6 3. Nf3 Bg7 4. g3 d6 5. Bg2 O-O 6. O-O Nc6 7. Nc3 a6 8. d5
Na5 9. Nd2 c5 10. Qc2 Rb8 11. b3 b5 12. Bb2 bxc4 13. bxc4 Bh6 14. f4 e5 15.
dxe6 Bxe6 16. Nd5 Rxb2 17. Qxb2 Bg7 18. Qa3 Nxc4 19. Nxc4 Nxd5 20. Rac1 Nb4 21.
Rfd1 d5 22. Kh1 Qb8 23. Ne3 d4 24. Nc4 Bg4 25. Rd2 Re8 26. Qb3 Be6 27. a3 Nd5
28. Qa4 Ne3 29. Rb2 Qd8 30. Nxe3 dxe3 31. Rb7 c4 32. Rd1 Qc8 33. Qc6 c3 34.
Qxc8 Rxc8 35. Be4 f5 36. Bc2 Bc4 37. Bb3 Bxb3 38. Rxb3 a5 39. Kg2 a4 40. Rb4 c2
41. Rc1 Rc3 42. Rb2 Rxa3 43. Rb8+ Kf7 44. Rxc2 Bc3 45. Rc8 Bb4 46. Rb2 Bc3 47.
Rb6 Ke7 48. Rc7+ Kd8 49. Rxh7 1-0

[Event "Aeroflot Open 2012 B"]
[Site "Moscow"]
[Date "2012.02.11"]
[Round "5"]
[White "Tari, Aryan"]
[Black "Huang, Qian"]
[Result "1/2-1/2"]
[WhiteElo "2206"]
[BlackElo "2389"]
[PlyCount "39"]
[EventDate "2012.02.07"]
[EventType "swiss"]

1. Nf3 Nf6 2. g3 c5 3. Bg2 Nc6 4. O-O g6 5. d4 cxd4 6. Nxd4 Bg7 7. c4 Qb6 8.
Nc2 d6 9. Nc3 O-O 10. b3 Bf5 11. Bb2 Qa5 12. Rb1 Bxc2 13. Qxc2 Rac8 14. Qd2 a6
15. a4 Rfe8 16. Rfd1 Qb4 17. Nd5 Qxd2 18. Rxd2 Nxd5 19. Bxg7 Kxg7 20. Bxd5
1/2-1/2

[Event "Aeroflot Open 2012 B"]
[Site "Moscow"]
[Date "2012.02.11"]
[Round "5"]
[White "Chubar, Vladimir"]
[Black "Sychev, Klementy"]
[Result "0-1"]
[WhiteElo "2078"]
[BlackElo "2362"]
[PlyCount "116"]
[EventDate "2012.02.07"]
[EventType "swiss"]

1. Nf3 Nf6 2. d4 g6 3. Bg5 Bg7 4. Nbd2 O-O 5. e4 h6 6. Bxf6 Bxf6 7. c3 d6 8.
Bc4 e5 9. dxe5 dxe5 10. O-O Nd7 11. Qc2 Qe7 12. Rfd1 Nc5 13. Bf1 Ne6 14. g3 Ng5
15. Nxg5 Bxg5 16. Nf3 Bf6 17. Qd2 Kg7 18. Qe3 Be6 19. h3 a5 20. Ne1 a4 21. Nc2
h5 22. Nb4 c6 23. Nd3 Ra5 24. Kh2 h4 25. g4 Bg5 26. Qe1 Qc7 27. Kh1 Re8 28. Qe2
Qb6 29. Ne1 Rb5 30. Rdb1 Rd8 31. Nf3 Bf4 32. Qc2 Ra5 33. Kg2 Rd7 34. c4 Ra8 35.
Rd1 Rad8 36. Rxd7 Rxd7 37. Qc3 f6 38. b4 Qd8 39. Be2 b6 40. Qc2 Qa8 41. Rd1 g5
42. Rxd7+ Bxd7 43. Qd1 Be6 44. Qd6 Bf7 45. Ne1 c5 46. f3 cxb4 47. Qxb4 Be3 48.
Nd3 Bd4 49. Nb2 Bxb2 50. Qxb2 Qa5 51. Bf1 a3 52. Qe2 Qc3 53. Kg1 Qb2 54. Kh1
Be6 55. Kg1 Kf7 56. Kh1 Qxe2 57. Bxe2 Ke7 58. Kg1 Kd6 0-1

[Event "Aeroflot Open 2012 B"]
[Site "Moscow"]
[Date "2012.02.11"]
[Round "5"]
[White "Iljiushenok, Ilia"]
[Black "Tsydypov, Zhamsaran"]
[Result "1/2-1/2"]
[WhiteElo "2422"]
[BlackElo "2321"]
[PlyCount "94"]
[EventDate "2012.02.07"]
[EventType "swiss"]

1. e4 d6 2. f4 d5 3. e5 Bf5 4. Nf3 e6 5. d4 c5 6. Bd3 Nh6 7. O-O cxd4 8. Bb5+
Nc6 9. Nxd4 Qb6 10. Kh1 Bc5 11. Nxf5 Nxf5 12. Bd3 Nce7 13. c3 h5 14. b4 Be3 15.
Rf3 Bxc1 16. Qxc1 h4 17. h3 Ng3+ 18. Kh2 O-O-O 19. a4 g5 20. a5 Qc7 21. a6 gxf4
22. axb7+ Kb8 23. Na3 Nc6 24. Nb5 Qb6 25. c4 dxc4 26. Qxc4 a6 27. Nc7 Qxc7 28.
Rxa6 Na7 29. Qxc7+ Kxc7 30. Rxa7 Rb8 31. Ra3 f5 32. exf6 e5 33. Ra5 e4 34. Bxe4
Nxe4 35. Rxf4 Nd6 36. Ra8 Kxb7 37. Rxb8+ Rxb8 38. Rxh4 Rf8 39. Rf4 Ne8 40. g4
Rxf6 41. Rxf6 Nxf6 42. Kg3 Kc6 43. g5 Nd5 44. g6 Ne7 45. h4 Nxg6 46. h5 Ne7 47.
Kf4 Ng8 1/2-1/2

[Event "Aeroflot Open 2012 B"]
[Site "Moscow"]
[Date "2012.02.11"]
[Round "5"]
[White "Lavrov, Maxim"]
[Black "Palacios, Antonio"]
[Result "1-0"]
[WhiteElo "2397"]
[BlackElo "2320"]
[PlyCount "78"]
[EventDate "2012.02.07"]
[EventType "swiss"]

1. e4 c5 2. c3 d6 3. d4 Nd7 4. Bd3 e6 5. f4 Ngf6 6. Nf3 Rb8 7. O-O b5 8. e5 c4
9. Bc2 Nd5 10. f5 exf5 11. Bxf5 Be7 12. e6 fxe6 13. Ng5 N7f6 14. Bxh7 Qb6 15.
Bg6+ Kd7 16. Bf7 e5 17. Qf3 Bb7 18. Qf5+ Kc6 19. a4 a6 20. a5 Qa7 21. Rd1 Rbf8
22. h3 Bc8 23. Qf3 e4 24. Qe2 Nc7 25. Bg6 d5 26. Nf7 Rhg8 27. Ne5+ Kb7 28. Bf7
Bd6 29. Be3 Rh8 30. Ng6 Be6 31. Bxe6 Nxe6 32. Nxh8 Rxh8 33. Nd2 Kc6 34. b3 cxb3
35. c4 bxc4 36. Nxc4 Kd7 37. Ne5+ Ke8 38. Rab1 Nh5 39. Qg4 Kf8 1-0

[Event "Aeroflot Open 2012 B"]
[Site "Moscow"]
[Date "2012.02.11"]
[Round "5"]
[White "Tonoian, Armen"]
[Black "Shevelev, Arkady"]
[Result "1/2-1/2"]
[WhiteElo "2374"]
[BlackElo "2317"]
[PlyCount "88"]
[EventDate "2012.02.07"]
[EventType "swiss"]

1. d4 Nf6 2. c4 c5 3. d5 b5 4. cxb5 a6 5. bxa6 Bxa6 6. Nc3 d6 7. g3 g6 8. Bg2
Bg7 9. Nf3 Nbd7 10. Rb1 Qa5 11. Bd2 O-O 12. O-O Rfb8 13. Qc2 Bc8 14. b3 Qa3 15.
Bc1 Qa5 16. Bb2 Ng4 17. Rfc1 Nge5 18. Nd2 Nb6 19. Ba1 Bf5 20. e4 Bc8 21. a4 Ba6
22. Bf1 Bxf1 23. Rxf1 Rc8 24. Rfc1 Qa6 25. Nb5 c4 26. Bxe5 Bxe5 27. Nxc4 Nxc4
28. bxc4 Qxa4 29. Qd3 Rc5 30. Rc2 Rac8 31. Rbc1 Qb4 32. Qe2 Bg7 33. f4 Qa5 34.
e5 Qb6 35. Kh1 Qb8 36. Re1 dxe5 37. fxe5 e6 38. Nd6 exd5 39. Rb2 Qa8 40. Ra2
Qc6 41. Nxc8 dxc4+ 42. Qe4 Qxe4+ 43. Rxe4 Rxc8 44. Rc2 Rc5 1/2-1/2

[Event "Aeroflot Open 2012 B"]
[Site "Moscow"]
[Date "2012.02.11"]
[Round "5"]
[White "Gagare, Shardul"]
[Black "Ghosh, Diptayan"]
[Result "1/2-1/2"]
[WhiteElo "2268"]
[BlackElo "2372"]
[PlyCount "22"]
[EventDate "2012.02.07"]
[EventType "swiss"]

1. c4 b6 2. Nc3 Bb7 3. e4 e6 4. Nge2 Nf6 5. d3 d5 6. cxd5 exd5 7. e5 Nfd7 8. d4
c5 9. f4 Nc6 10. Be3 Na5 11. Ng3 cxd4 $11 1/2-1/2

[Event "Aeroflot Open 2012 B"]
[Site "Moscow"]
[Date "2012.02.11"]
[Round "5"]
[White "Kerigan, Demre"]
[Black "Zenzera, Alexey"]
[Result "0-1"]
[WhiteElo "2184"]
[BlackElo "2337"]
[PlyCount "118"]
[EventDate "2012.02.07"]
[EventType "swiss"]

1. e4 c5 2. Nf3 e6 3. d4 cxd4 4. Nxd4 a6 5. c4 Nf6 6. Nc3 Qc7 7. a3 b6 8. Be2
Bb7 9. f3 h5 10. Be3 Nc6 11. Nxc6 dxc6 12. c5 Bxc5 13. Bxc5 bxc5 14. Qd2 O-O
15. Na4 Rad8 16. Qc3 h4 17. O-O Nh5 18. Rfd1 h3 19. g4 Nf4 20. Bf1 e5 21. Nxc5
Bc8 22. b4 Qe7 23. Kh1 Rxd1 24. Rxd1 Rd8 25. Rxd8+ Qxd8 26. Nd3 Ng6 27. Qxc6
Be6 28. Qc3 Qf6 29. Be2 Bd7 30. Nf2 Nf4 31. Bf1 Ne6 32. Nxh3 Nd4 33. Kg2 Ba4
34. Ng1 Bd7 35. Bc4 Bb5 36. Bxb5 axb5 37. Qd3 Qe6 38. Kg3 Qa2 39. h4 Qa1 40.
Kg2 Qb2+ 41. Kg3 Kh7 42. h5 f6 43. Qe3 Kg8 44. Nh3 Ne2+ 45. Kh4 Nd4 46. Nf2 Qa1
47. Nh3 Qf1 48. Kg3 Qd1 49. g5 f5 50. Qf2 fxe4 51. fxe4 Qxh5 52. Qa2+ Kh7 53.
Qg2 Qd1 54. g6+ Kh6 55. Kh2 Qh5 56. Qg3 Qxg6 57. Qe3+ Kh7 58. Ng5+ Qxg5 59.
Qxg5 Nf3+ 0-1

[Event "Aeroflot Open 2012 B"]
[Site "Moscow"]
[Date "2012.02.11"]
[Round "5"]
[White "Ynojosa, Felix Jose"]
[Black "Pasiev, Rakhim"]
[Result "1/2-1/2"]
[WhiteElo "2327"]
[BlackElo "2312"]
[PlyCount "113"]
[EventDate "2012.02.07"]
[EventType "swiss"]

1. e4 e5 2. Bc4 Nf6 3. d3 Nc6 4. Nf3 Be7 5. c3 O-O 6. O-O d5 7. exd5 Nxd5 8. h3
a6 9. Re1 b5 10. Bb3 Bb7 11. Nxe5 Nxe5 12. Rxe5 Bf6 13. Re1 c5 14. Nd2 b4 15.
cxb4 cxb4 16. Nf3 Qd6 17. d4 Nf4 18. Bxf4 Qxf4 19. d5 Bxb2 20. Rb1 Bf6 21. Rc1
Rad8 22. Qd3 Rd7 23. g3 Qd6 24. Rcd1 Rfd8 25. Nd4 g6 26. Qf3 Bg7 27. Nc6 Rc8
28. Ba4 Rdc7 29. Qe4 Bf6 30. Re3 Kg7 31. h4 h5 32. Qf3 Ba8 33. Re4 a5 34. Qe3
Bc3 35. Na7 Rb8 36. Nb5 Rxb5 37. Bxb5 Rc5 38. Bc4 a4 39. a3 Rc8 40. axb4 Bxb4
41. Qd4+ Kg8 42. Ba2 Bc5 43. Qd3 a3 44. Kg2 Qd7 45. Rc4 Bb7 46. Rc2 Bd6 47.
Rxc8+ Bxc8 48. Qc4 Qh3+ 49. Kg1 Bxg3 50. fxg3 Qxg3+ 51. Kh1 Qf3+ 52. Kh2 Qf2+
53. Kh1 Bg4 54. Rd3 Qf1+ 55. Kh2 Qf2+ 56. Kh1 Qf1+ 57. Kh2 1/2-1/2

[Event "Aeroflot Open 2012 B"]
[Site "Moscow"]
[Date "2012.02.11"]
[Round "5"]
[White "Arabidze, Meri"]
[Black "Zhelesny, Stanislav"]
[Result "1-0"]
[WhiteElo "2358"]
[BlackElo "2161"]
[PlyCount "69"]
[EventDate "2012.02.07"]
[EventType "swiss"]

1. d4 Nf6 2. c4 g6 3. Nc3 d5 4. cxd5 Nxd5 5. e4 Nb6 6. h3 Bg7 7. Nf3 O-O 8. Be2
Nc6 9. Be3 e5 10. d5 Ne7 11. a4 Bd7 12. Qb3 Kh8 13. a5 Nbc8 14. Qxb7 Nd6 15.
Qb3 f5 16. Nd2 fxe4 17. g4 a6 18. Qc2 Bb5 19. Ndxe4 Nxe4 20. Qxe4 c6 21. Bb6
Qc8 22. Bxb5 cxb5 23. O-O Qd7 24. Rad1 Rac8 25. Qg2 h5 26. Ne4 hxg4 27. hxg4
Rf4 28. f3 Nxd5 29. Nc3 Rxc3 30. bxc3 Qe6 31. Rfe1 Rc4 32. Qd2 Nxb6 33. Qd8+
Kh7 34. Re2 Bh6 35. axb6 1-0

[Event "Aeroflot Open 2012 B"]
[Site "Moscow"]
[Date "2012.02.11"]
[Round "5"]
[White "Yakimenko, Alexander A"]
[Black "Inants, Aghasi"]
[Result "0-1"]
[WhiteElo "2258"]
[BlackElo "2347"]
[PlyCount "132"]
[EventDate "2012.02.07"]
[EventType "swiss"]

1. d4 Nf6 2. c4 e6 3. Nc3 c5 4. d5 exd5 5. cxd5 Bd6 6. g3 Bc7 7. Bg2 d6 8. Nf3
O-O 9. O-O a6 10. a4 Nbd7 11. Nd2 Rb8 12. Qc2 b5 13. axb5 axb5 14. b3 Re8 15.
Re1 b4 16. Nd1 Bb7 17. Ne3 Rxe3 18. fxe3 Nxd5 19. Nc4 N5f6 20. e4 Qe7 21. Ra7
Ng4 22. Bf4 Nge5 23. Rd1 g5 24. Be3 Nxc4 25. Qxc4 Bb6 26. Raa1 Ne5 27. Qc1 h6
28. h3 Re8 29. Qd2 Rd8 30. Kh2 Qe6 31. Rab1 Bc7 32. Qe1 Ng6 33. Qh1 Re8 34. Bf2
h5 35. Rd3 Bxe4 36. Bxe4 Qxe4 37. Qxe4 Rxe4 38. Re3 Rxe3 39. Bxe3 Bd8 40. Rd1
Be7 41. Bc1 f6 42. Kg2 Kf7 43. Kf3 Ke6 44. Bb2 h4 45. g4 Nf4 46. e3 Nd5 47. Ke4
Nc7 48. Ra1 d5+ 49. Kd3 Ne8 50. e4 d4 51. Kc4 Ke5 52. Kb5 Kf4 53. Kc6 Kg3 54.
Kd7 Bd6 55. Kxe8 Kxh3 56. Kf7 Be5 57. Rg1 Kh2 58. Rc1 Kg3 59. Rxc5 h3 60. Ke6
h2 61. Rc1 Kxg4 62. Kd5 Kf3 63. Bxd4 Bxd4 64. Kxd4 g4 65. e5 fxe5+ 66. Kxe5 g3
0-1

[Event "Aeroflot Open 2012 B"]
[Site "Moscow"]
[Date "2012.02.11"]
[Round "5"]
[White "Byelopolskiy, V."]
[Black "Kharmunova, Nadejda"]
[Result "0-1"]
[WhiteElo "2478"]
[BlackElo "2215"]
[PlyCount "52"]
[EventDate "2012.02.07"]
[EventType "swiss"]

1. e4 c6 2. d4 d5 3. exd5 cxd5 4. c4 Nf6 5. Nc3 Nc6 6. c5 e5 7. dxe5 Ng4 8.
Qxd5 Be6 9. Qxd8+ Rxd8 10. h3 Ngxe5 11. Be3 Nd4 12. Bxd4 Rxd4 13. Bb5+ Bd7 14.
Bxd7+ Kxd7 15. Nf3 Nxf3+ 16. gxf3 Bxc5 17. O-O Ke6 18. Rae1+ Kf5 19. Re2 Rhd8
20. Rfe1 Bb6 21. Re5+ Kg6 22. Kh1 Rd2 23. Rg1+ Kh6 24. Re4 g6 25. Re7 Rxf2 26.
Ne4 Re2 0-1

[Event "Aeroflot Open 2012 B"]
[Site "Moscow, Russia"]
[Date "2012.02.12"]
[Round "6"]
[White "Iljushin, Alexei"]
[Black "Can, Emre"]
[Result "0-1"]
[WhiteElo "2523"]
[BlackElo "2462"]
[PlyCount "92"]
[EventDate "2012.??.??"]

1. d4 Nf6 2. c4 g6 3. Nc3 Bg7 4. e4 d6 5. f3 O-O 6. Nge2 c5 7. d5 e6 8. Ng3
exd5 9. cxd5 h5 10. Bg5 Qb6 11. Qb3 Qc7 12. Be2 a6 13. a4 Nh7 14. Be3 Qe7 15.
Qc2 Nd7 16. O-O h4 17. Nh1 f5 18. Qd2 Qf6 19. exf5 gxf5 20. f4 Qg6 21. Nf2 Ndf6
22. h3 Bd7 23. Rab1 Rac8 24. a5 Kh8 25. Bf3 Rg8 26. Qc2 Nh5 27. Rfe1 Bh6 28.
Ne2 Rce8 29. Bd2 N7f6 30. Nd3 Bb5 31. b3 Re4 32. Rbd1 Nxd5 33. Nc3 Bxd3 34.
Qxd3 Ndxf4 35. Bxf4 Nxf4 36. Qf1 Rxe1 37. Rxe1 Nxh3+ 38. Kh1 Nf4 39. Nd5 Qg3
40. Nf6 Rf8 41. Re8 Rxe8 42. Nxe8 Ne6 43. Nf6 Bf4 44. Kg1 Ng5 45. Qe2 Nxf3+ 46.
Qxf3 Qe1+ 0-1

[Event "Aeroflot Open 2012 B"]
[Site "Moscow, Russia"]
[Date "2012.02.12"]
[Round "6"]
[White "Oparin, Grigoriy"]
[Black "Bogdanovich, Stanislav"]
[Result "1-0"]
[WhiteElo "2466"]
[BlackElo "2513"]
[PlyCount "81"]
[EventDate "2012.??.??"]

1. e4 e5 2. Nf3 Nc6 3. Bb5 a6 4. Ba4 Nf6 5. O-O Be7 6. Re1 b5 7. Bb3 O-O 8. a4
Bb7 9. Nc3 Nd4 10. Nxd4 exd4 11. Nd5 Nxd5 12. exd5 d3 13. Qf3 dxc2 14. d6 Bxf3
15. dxe7 Qb8 16. exf8=Q+ Qxf8 17. gxf3 Re8 18. Rxe8 Qxe8 19. axb5 axb5 20. d4
Qe1+ 21. Kg2 Kf8 22. Bxc2 d5 23. Ra8+ Ke7 24. Bf4 c6 25. Bxh7 Qb4 26. Ra7+ Ke6
27. Bg8 Qxd4 28. Rxf7 Qxb2 29. Bg3 d4 30. Rc7+ Kf6 31. Rxc6+ Ke7 32. Be5 Qd2
33. h4 d3 34. Rc7+ Ke8 35. Bd5 Qe2 36. Bc6+ Kf8 37. Bxg7+ Kg8 38. Bd5+ Kh7 39.
Be4+ Kg8 40. Bf6 Qa2 41. Rd7 1-0

[Event "Aeroflot Open 2012 B"]
[Site "Moscow, Russia"]
[Date "2012.02.12"]
[Round "6"]
[White "Grishchenko, Sergey"]
[Black "Kalegin, Evgenij"]
[Result "1-0"]
[WhiteElo "2489"]
[BlackElo "2462"]
[PlyCount "61"]
[EventDate "2012.??.??"]

1. d4 d6 2. c4 e5 3. Nf3 e4 4. Ng1 h6 5. Nc3 Nf6 6. e3 c6 7. Nge2 d5 8. cxd5
cxd5 9. Qb3 Nc6 10. Nf4 Bb4 11. Bd2 O-O 12. Nxe4 Nxe4 13. Bxb4 Nxb4 14. Qxb4 g5
15. Nd3 a5 16. Qb3 Ra6 17. Be2 a4 18. Qb4 Bd7 19. Qxb7 Ra5 20. Rc1 Bb5 21. Nb4
a3 22. b3 Qd6 23. Nxd5 Bd7 24. Nc7 Rb5 25. Nxb5 Qb4+ 26. Kf1 Bf5 27. Qd5 Bg6
28. f3 Qd2 29. Rd1 Qxe3 30. fxe4 Bxe4 31. Qe5 1-0

[Event "Aeroflot Open 2012 B"]
[Site "Moscow, Russia"]
[Date "2012.02.12"]
[Round "6"]
[White "Wan, Yunguo"]
[Black "Potapov, Pavel"]
[Result "1/2-1/2"]
[WhiteElo "2428"]
[BlackElo "2468"]
[PlyCount "140"]
[EventDate "2012.??.??"]

1. e4 c5 2. Nf3 Nc6 3. d4 cxd4 4. Nxd4 e5 5. Nb5 d6 6. N1c3 a6 7. Na3 Be7 8.
Nc4 b5 9. Ne3 Nf6 10. g3 O-O 11. Bg2 b4 12. Ncd5 Nxd5 13. Nxd5 Bg5 14. Bxg5
Qxg5 15. O-O Rb8 16. Qd3 a5 17. a3 bxa3 18. Qxa3 Rd8 19. c3 Qd2 20. Rab1 Qc2
21. b3 Be6 22. Rfc1 Qd2 23. Rd1 Qc2 24. Bf3 Bxd5 25. exd5 Ne7 26. Qxa5 Rdc8 27.
Rdc1 Qd3 28. Bg2 e4 29. c4 Nf5 30. Bf1 Qf3 31. Qc3 Qg4 32. Bg2 Re8 33. Re1 h5
34. h3 Qg6 35. Rxe4 h4 36. g4 Ng3 37. fxg3 Rxe4 38. Bxe4 Qxe4 39. Rf1 hxg3 40.
Qxg3 Qd4+ 41. Kh1 Qb2 42. Rf3 Re8 43. Rf2 Re1+ 44. Kg2 Qb1 45. Qf3 f6 46. Kh2
Kh8 47. h4 Kg8 48. h5 Kh8 49. h6 Kg8 50. hxg7 Qh7+ 51. Kg3 Qh6 52. Qf5 Rg1+ 53.
Rg2 Rh1 54. Qe6+ Kxg7 55. Qe7+ Kg8 56. Qe6+ Kg7 57. Rf2 Rg1+ 58. Kf3 Rb1 59.
Qe7+ Kg8 60. Qe6+ Kg7 61. Qe7+ Kg8 62. Qe8+ Kg7 63. Qd7+ Kg8 64. Qe8+ Kg7 65.
Qd7+ Kg8 66. Qe8+ Kg7 67. Qd7+ Kg8 68. Qd8+ Kg7 69. Qe7+ Kg8 70. Qe6+ Kg7
1/2-1/2

[Event "Aeroflot Open 2012 B"]
[Site "Moscow, Russia"]
[Date "2012.02.12"]
[Round "6"]
[White "Wen, Yang"]
[Black "Munguntuul, Batkhuyag"]
[Result "1-0"]
[WhiteElo "2543"]
[BlackElo "2452"]
[PlyCount "67"]
[EventDate "2012.??.??"]

1. d4 d5 2. c4 c6 3. Nf3 Nf6 4. Nc3 a6 5. e3 b5 6. c5 Nbd7 7. Bd2 g6 8. b4 a5
9. a4 axb4 10. Nxb5 Qa5 11. Rb1 cxb5 12. axb5 Bg7 13. Bxb4 Qc7 14. Be2 O-O 15.
O-O Re8 16. Qb3 e6 17. Rfc1 h6 18. Be1 Nb8 19. Ne5 Qb7 20. c6 Nxc6 21. bxc6
Qxb3 22. Rxb3 Ne4 23. f3 Nd6 24. Bb4 Bf8 25. c7 Ra2 26. Bd3 Kg7 27. g4 g5 28.
Rc6 Nb7 29. Ra6 Rxa6 30. Bxa6 Bxb4 31. Rxb4 Nd6 32. Rb6 Bxa6 33. Rxd6 Ra8 34.
Rxa6 1-0

[Event "Aeroflot Open 2012 B"]
[Site "Moscow, Russia"]
[Date "2012.02.12"]
[Round "6"]
[White "Shimanov, Aleksandr"]
[Black "Lalith, Babu M.R"]
[Result "1-0"]
[WhiteElo "2549"]
[BlackElo "2484"]
[PlyCount "61"]
[EventDate "2012.??.??"]

1. c4 c5 2. Nf3 Nc6 3. Nc3 g6 4. e3 Bg7 5. d4 d6 6. d5 Ne5 7. Nxe5 Bxe5 8. Bd3
Bg7 9. O-O Nf6 10. f4 O-O 11. e4 Ne8 12. Be3 a6 13. Qd2 f5 14. Kh1 fxe4 15.
Nxe4 Bf5 16. Ng5 Nc7 17. h3 b5 18. Rad1 Rb8 19. b3 Qd7 20. g4 Bxd3 21. Qxd3
bxc4 22. bxc4 Rb2 23. f5 gxf5 24. gxf5 Bh6 25. Rg1 Kh8 26. Bc1 Rbb8 27. Nxh7
Rf7 28. Nf6 exf6 29. Rg6 Qe7 30. Rdg1 Rh7 31. Bxh6 1-0

[Event "Aeroflot Open 2012 B"]
[Site "Moscow, Russia"]
[Date "2012.02.12"]
[Round "6"]
[White "Stukopin, Andrey"]
[Black "Mikhalevski, Victor"]
[Result "1-0"]
[WhiteElo "2460"]
[BlackElo "2525"]
[PlyCount "57"]
[EventDate "2012.??.??"]

1. e4 c5 2. Nf3 d6 3. d4 cxd4 4. Nxd4 Nf6 5. Nc3 g6 6. Be3 Bg7 7. f3 O-O 8. Qd2
Nc6 9. Bc4 Bd7 10. O-O-O Rb8 11. Bb3 Na5 12. g4 b5 13. Bh6 Nc4 14. Bxc4 bxc4
15. h4 Bxh6 16. Qxh6 Qa5 17. h5 g5 18. Nf5 Bxf5 19. Qxg5+ Kh8 20. Qxf5 Qb6 21.
b3 Rfc8 22. Kb2 cxb3 23. axb3 Qe3 24. Rd3 Rxb3+ 25. cxb3 Qf2+ 26. Kb1 Rb8 27.
Nd1 Qb6 28. g5 Qa6 29. Rc3 1-0

[Event "Aeroflot Open 2012 B"]
[Site "Moscow, Russia"]
[Date "2012.02.12"]
[Round "6"]
[White "Reshetnikov, Alexey"]
[Black "Kopylov, Alexander A"]
[Result "1-0"]
[WhiteElo "2514"]
[BlackElo "2440"]
[PlyCount "67"]
[EventDate "2012.??.??"]

1. e4 c5 2. Nf3 e6 3. d4 cxd4 4. Nxd4 a6 5. Bd3 g6 6. O-O Bg7 7. Nb3 d6 8. c4
Nf6 9. Nc3 O-O 10. Be2 Nc6 11. Bf4 e5 12. Be3 a5 13. Rc1 Be6 14. f3 Nh5 15. Re1
a4 16. Na1 Nd4 17. Bf1 f5 18. Nc2 Qb6 19. Nb5 fxe4 20. Ncxd4 exd4 21. Bxd4
Bxd4+ 22. Qxd4 Qxd4+ 23. Nxd4 Bf7 24. Rxe4 d5 25. Re7 Rfc8 26. c5 Rab8 27. Bb5
Kf8 28. Rd7 Be8 29. Rxh7 Bf7 30. Bd7 Kg8 31. Rxh5 Rc7 32. Re5 Rxd7 33. Kf2 Ra8
34. Re3 1-0

[Event "Aeroflot Open 2012 B"]
[Site "Moscow, Russia"]
[Date "2012.02.12"]
[Round "6"]
[White "Aldokhin, Ivan"]
[Black "Gavrilov, Alexei"]
[Result "0-1"]
[WhiteElo "2376"]
[BlackElo "2498"]
[PlyCount "58"]
[EventDate "2012.??.??"]

1. e4 c6 2. Nc3 d5 3. Nf3 Bg4 4. Be2 e6 5. d4 Bb4 6. O-O Nf6 7. e5 Nfd7 8. Ng5
Bxe2 9. Nxe2 Be7 10. f4 c5 11. Nf3 cxd4 12. f5 Qb6 13. fxe6 fxe6 14. Nfxd4 Nxe5
15. Kh1 Bc5 16. Be3 Nbd7 17. Nf4 O-O 18. Ndxe6 Bxe3 19. Nxf8 Rxf8 20. Nxd5
Rxf1+ 21. Qxf1 Qc5 22. Rd1 Bg5 23. Qf5 h6 24. c3 Qc4 25. Rd4 Qe2 26. h3 Qe1+
27. Kh2 Bh4 28. Qf4 Bf2 29. Ne7+ Kh8 0-1

[Event "Aeroflot Open 2012 B"]
[Site "Moscow, Russia"]
[Date "2012.02.12"]
[Round "6"]
[White "Dobrov, Vladimir"]
[Black "Sundararajan, Kidambi"]
[Result "1-0"]
[WhiteElo "2496"]
[BlackElo "2474"]
[PlyCount "55"]
[EventDate "2012.??.??"]

1. d4 Nf6 2. c4 e6 3. Nf3 d5 4. Nc3 Be7 5. Qc2 c5 6. dxc5 Nc6 7. a3 Bxc5 8. b4
Be7 9. Bb2 O-O 10. Rd1 Bd7 11. e4 dxe4 12. Nxe4 Nxe4 13. Qxe4 f5 14. Qe3 Bf6
15. Bxf6 gxf6 16. c5 Qe7 17. Bc4 Rae8 18. O-O Kh8 19. Rd6 Bc8 20. Rfd1 e5 21.
Qh6 a6 22. Bxa6 Nxb4 23. Bxb7 Qxb7 24. axb4 Qxb4 25. Rxf6 Qxc5 26. Ng5 Qe7 27.
Rxf8+ Rxf8 28. Nxh7 1-0

[Event "Aeroflot Open 2012 B"]
[Site "Moscow, Russia"]
[Date "2012.02.12"]
[Round "6"]
[White "Zhai, Mo"]
[Black "Ovetchkin, Roman"]
[Result "0-1"]
[WhiteElo "2191"]
[BlackElo "2507"]
[PlyCount "98"]
[EventDate "2012.??.??"]

1. e4 e5 2. Nf3 Nc6 3. Bb5 Nf6 4. O-O Nxe4 5. d4 Nd6 6. Bxc6 dxc6 7. dxe5 Nf5
8. Qxd8+ Kxd8 9. Rd1+ Ke8 10. Nc3 b6 11. Bf4 h6 12. h3 Be7 13. a3 Be6 14. Rd2
Rd8 15. Rad1 Rxd2 16. Rxd2 g5 17. Bh2 h5 18. Ne4 g4 19. hxg4 hxg4 20. Nd4 Nxd4
21. Rxd4 c5 22. Rd2 Kf8 23. Bf4 Kg7 24. Nc3 a6 25. Ne4 Kg6 26. Nf6 a5 27. Rd3
Kf5 28. Bd2 Rd8 29. Rxd8 Bxd8 30. Bc3 Kf4 31. Kf1 a4 32. Ke2 Bc4+ 33. Kd2 c6
34. Nh5+ Kg5 35. Nf6 Bd5 36. g3 Kf5 37. Kd3 b5 38. Ne8 Be7 39. Nd6+ Ke6 40. Ke3
Bg5+ 41. Ke2 Bf3+ 42. Ke1 Bc1 43. Nb7 Kd5 44. Na5 b4 45. axb4 cxb4 46. Bxb4
Bxb2 47. Kd2 Bd4 48. c4+ Kxe5 49. Bc3 c5 0-1

[Event "Aeroflot Open 2012 B"]
[Site "Moscow, Russia"]
[Date "2012.02.12"]
[Round "6"]
[White "Rychagov, Andrey"]
[Black "Sivuk, Vitaly"]
[Result "1/2-1/2"]
[WhiteElo "2542"]
[BlackElo "2459"]
[PlyCount "87"]
[EventDate "2012.??.??"]

1. d4 Nf6 2. c4 g6 3. g3 Bg7 4. Bg2 d5 5. cxd5 Nxd5 6. e4 Nb6 7. Ne2 O-O 8. O-O
c5 9. dxc5 Qxd1 10. Rxd1 Nc4 11. Nbc3 Na6 12. b3 Ne5 13. Ba3 Bg4 14. Rac1 Rfd8
15. h3 Bxe2 16. Nxe2 Nd3 17. Rc2 Ndxc5 18. Rcd2 Rxd2 19. Rxd2 Rb8 20. f4 e6 21.
Kf1 Bf8 22. Bb2 Nb4 23. Nc1 Rc8 24. a3 Nc6 25. Ke2 e5 26. fxe5 Bg7 27. Rd5 b6
28. Ba1 a5 29. h4 Re8 30. Nd3 Nxb3 31. Bb2 Bf8 32. Bh3 Nc5 33. Nxc5 bxc5 34.
Kd3 Bg7 35. Rxc5 Nxe5+ 36. Kc2 a4 37. Rc8 Rxc8+ 38. Bxc8 Nc4 39. Bxg7 Nxa3+ 40.
Kc1 Kxg7 41. Ba6 Kf6 42. Kb2 Ke5 43. Kxa3 Kxe4 44. Bc4 1/2-1/2

[Event "Aeroflot Open 2012 B"]
[Site "Moscow, Russia"]
[Date "2012.02.12"]
[Round "6"]
[White "Rogozenco, Dorian"]
[Black "Krapivin, Alexander"]
[Result "1/2-1/2"]
[WhiteElo "2539"]
[BlackElo "2445"]
[PlyCount "106"]
[EventDate "2012.??.??"]

1. d4 d5 2. c4 e6 3. Nf3 Nf6 4. Nc3 Be7 5. Bg5 O-O 6. e3 b6 7. Bd3 Bb7 8. Bxf6
Bxf6 9. cxd5 exd5 10. b4 Qe7 11. Qb3 Rd8 12. O-O Nd7 13. b5 Nf8 14. Rfc1 Qd7
15. a4 a6 16. Ra2 g6 17. Rac2 Ne6 18. Na2 axb5 19. axb5 Ra5 20. Nb4 Rda8 21.
Ra2 Rxa2 22. Nxa2 Qd6 23. Nb4 Be7 24. Nc6 Bxc6 25. Rxc6 Ra3 26. Qb1 Qb4 27.
Qxb4 Bxb4 28. Bf1 Ra1 29. g3 Kf8 30. Kg2 Ke7 31. Rc2 Bd6 32. h4 h5 33. Be2 Nf8
34. Ne5 Nd7 35. Nxd7 Kxd7 36. Bf3 Ke6 37. Be2 Ra3 38. Kf3 Ra1 39. Bd3 Kd7 40.
Ke2 Bb4 41. Kf3 Bd6 42. Rb2 Ke6 43. Bc2 f5 44. Kg2 Ra5 45. Bb1 Ba3 46. Rb3 Bd6
47. f3 Kf6 48. Kf2 Be7 49. Rb2 Ba3 50. Rb3 Bd6 51. Rb2 Ba3 52. Rb3 Bd6 53. Rb2
Ba3 1/2-1/2

[Event "Aeroflot Open 2012 B"]
[Site "Moscow, Russia"]
[Date "2012.02.12"]
[Round "6"]
[White "Gabuzyan, Hovhannes"]
[Black "Grover, Sahaj"]
[Result "1-0"]
[WhiteElo "2402"]
[BlackElo "2532"]
[PlyCount "59"]
[EventDate "2012.??.??"]

1. e4 e6 2. d4 d5 3. Nc3 Bb4 4. e5 c5 5. a3 Bxc3+ 6. bxc3 Ne7 7. Qg4 cxd4 8.
Bd3 Qa5 9. Rb1 Nbc6 10. Nf3 Ng6 11. O-O dxc3 12. Re1 Qc7 13. a4 f6 14. Qh5 Qf7
15. exf6 gxf6 16. Qxd5 e5 17. Qc5 a6 18. Ba3 Be6 19. Be4 Rc8 20. Rb6 Qd7 21.
Reb1 Nd8 22. Qa5 Rc4 23. Rd6 Qc7 24. Rbb6 Nf4 25. Bxb7 Bd7 26. Bxa6 Nc6 27. Qb5
Rg8 28. Rb7 Rxg2+ 29. Kh1 Nd4 30. Rb8+ 1-0